000
00334nam a2200121Ia 4500
003
GCL
008
140319s9999 xx 000 0 ara d
040
_a
GCL /
_c
GCL
082
0
4
_a
920.71
_b
ع ر
100
1
_a
عباس محمود العقاد
245
1
0
_a
رجال عرفتهم /
_c
عباس محمود العقاد
490
_a
كتاب
_v
0
999
_c
42583
_d
42583